• 首页
  • 本馆介绍
  • 公告通知
  • 最新文献
  • 馆藏检索
  • 电子资源
  • 读者导购
  • 参考咨询
  • 我的图书馆
  • 登录
  • 详细信息显示
  • 放入我的书架
  • 预约/预借图书
  • 作者相关作品
  • 分类相关作品
  • 丛书相关作品
  • 出版社相关作品

书目信息

  • 表格格式
  • 工作单格式
  • 卡片格式
题名:
不懈的精神追求
    
 
作者: 徐友渔 著
分册:  
出版信息: 天津   天津人民出版社  2002
页数: 232页
开本: 20cm
丛书名: 人文视窗丛书
单 册:
中图分类: C52
科图分类:
主题词: 社会科学--文集
电子资源:
ISBN: 7-201-03960-1
000 00744oam2 2200241 450
001 1534709708
005 20150117093932.14
010    @a7-201-03960-1@dCNY15.00
100    @a20020307d2002 emky0chiy0110 ea
101 0  @achi
102    @aCN@b120000
105    @ay z 000yy
200 1  @a不懈的精神追求@9bu xie de jing shen zhui qiu@f徐友渔著
210    @a天津@c天津人民出版社@d2002
215    @a232页@d20cm
225 2  @a人文视窗丛书
330    @a本书为作者个人文集,包括个人思想历程、语言与哲学、思想文化论争、历史反思、文化与社会评论、书评六个部分。
461  0 @12001 @a人文视窗丛书
606 0  @a社会科学@j文集
690    @aC52@v5
701  0 @a徐友渔@9xu you yu@f(1947~)@4著
801  0 @aCN@bTSSF@c20150117
905    @aZUCC@dC5@eJY18
    
    不懈的精神追求/徐友渔著.-天津:天津人民出版社,2002
    232页;20cm.-(人文视窗丛书)
    
    
    ISBN 7-201-03960-1:CNY15.00
    本书为作者个人文集,包括个人思想历程、语言与哲学、思想文化论争、历史反思、文化与社会评论、书评六个部分。
●
相关链接 在E读中查询图书 在五车中查询图书 在当当中查询图书 在豆瓣中查询图书


正题名:不懈的精神追求     索取号:C5/JY18         预约/预借

序号 登录号 条形码 馆藏地/架位号 状态 备注
1 7851404   278514047   学院路分馆/ [索取号:C5/JY18] 在馆    
2 7851405   278514056   学院路分馆/ [索取号:C5/JY18] 在馆    
3 7851406   278514065   学院路分馆/ [索取号:C5/JY18] 在馆    
4 7851407   278514074   学院路分馆/ [索取号:C5/JY18] 在馆    
唐山师范学院图书馆 欢迎您!
大连网信软件有限公司© 版权所有